• 首页
  • 本馆介绍
  • 公告通知
  • 最新文献
  • 馆藏检索
  • 电子资源
  • 读者导购
  • 参考咨询
  • 我的图书馆
  • 登录
  • 详细信息显示
  • 放入我的书架
  • 预约/预借图书
  • 作者相关作品
  • 分类相关作品
  • 丛书相关作品
  • 出版社相关作品

书目信息

  • 表格格式
  • 工作单格式
  • 卡片格式
题名:
论恩格斯自然辩证法
    
 
作者: 凯德洛夫
分册:  
出版信息: 北京   三联书店  1980
页数: 220
开本: 20cm
丛书名:
单 册:
中图分类: A72
科图分类:
主题词: 恩格斯--传记 , 恩格斯--生平事迹
电子资源:
ISBN:
000 00504nam0 2200181 450
001 0734081268
005 20071007092801.28
100    @a20071007d km y0chiy0120 ea
101 0  @achi
200 1  @a论恩格斯自然辩证法@Alun en ge si zi ran bian zheng fa@f凯德洛夫@Fkai de luo fu
210    @a北京@c三联书店@d1980
215    @a220@d20cm
606 0  @a恩格斯@x传记
606 0  @a恩格斯@x生平事迹
690    @aA72@v3
701  0 @a凯德洛夫@Akai de luo fu
801  0 @aCN@bPFT@c20071007
905    @a213230@dA72@ea3@f1
    
    论恩格斯自然辩证法/凯德洛夫.-北京:三联书店,1980
    220;20cm
    
    
    ISBN :
    
●
相关链接 在E读中查询图书 在五车中查询图书 在当当中查询图书 在豆瓣中查询图书


正题名:论恩格斯自然辩证法     索取号:A72/a3         预约/预借

序号 登录号 条形码 馆藏地/架位号 状态 备注
1 7509782   275097823   史法系资料室/ [索取号:A72/a3] 在馆    
唐山师范学院图书馆 欢迎您!
大连网信软件有限公司© 版权所有